000 00962nam a2200277 i 4500
003 DO-SdBNP
005 20260130105753.0
007 ta
008 250113b2012 dr ac||| |||| 00| 0 spa d
020 _a9789945410655
040 _aDO-SdBNP
_bspa
_cBNPHU
_erda
041 _aspa
082 4 _axxx
_bD473p
_222
100 _aDespradel, Naya,
_eautor
_4aut.
_981231
245 1 0 _aPilar y Jean investigación de dos muertes en la era de Trujillo /
_cNaya Despradel
264 1 _aSanto Domingo :
_bEditorial Letragráfica,
_c2012.
300 _a398 páginas :
_bilustraciones, retratos ;
_c23 cm.
336 _atexto
_btxt
_2rdacontent
337 _asin mediación
_bsin mediación
_2n
338 _avolumen
_bnc
_2rdacarrier
500 _aIncluiye datos biográficos del autor en la solpa de la cubierta
500 _aIncluye referencias bibliográficas y notas al pie de las páginas
590 _aInventariado, 2025/BT
910 _aBtavárez
942 _2ddc
_cLBS1
999 _c58032
_d58032